MDQL
is popping MORE tags! Check the
thread
!
Quizzes
Events
Quiz Creation
Community
Videos
Private Events
Remove Ads
Sign In
Join for FREE
Feedback
Dark Mode
Quiz Categories
Sports
Geography
Music
Movies
Television
Just For Fun
Miscellaneous
History
Literature
Language
Science
Gaming
Entertainment
Religion
Holiday
For Kids
Quiz Lab
Recent
Popular Today
Quiz Kudos Today
Editor Picks
Curator Picks
Quizzes by...
Day
Popularity
Type
Ratings
Length
Year
Community
Subscriptions
Recent Discussions
Orange Saloon
Badges
Playlists
Quests
Create
Leaderboards
Showdown
Live 5
Trivia Bingo
Activity
Puzzle Library
Sporcle Events
Private Events
Virtual Trivia
Globe League
Become a Host
Pub Owners
SporcleCon
Opinionation
Our Games
Videos
Blog
Mobile Apps
Partnerships
Remove Ads and Go Orange
Feedback
Literature
Harry Potter
A Song of Ice and Fire
The Hunger Games
Literary Character
Shakespeare
Book
Author
Novel
Poem
Young Adult
Children's Books
Play
Lord of the Rings
Literature
Harry Potter
A Song of Ice and Fire
The Hunger Games
Literary Character
Shakespeare
Book
Author
Novel
Poem
Young Adult
Children's Books
Play
Lord of the Rings
Random Quiz
Search Sporcle
×
Quiz Lab
Quiz Lab
Literature
Play
Type in answers that appear in a list
Type in answers that appear in a list
Classic
Best Score? Go Orange.
Shakespeare Quotes Stats
Can you name the missing words in these quotes from Shakespeares plays?
By
joevetch
6m
15 Questions
343 Plays
343 Plays
343 Plays
Comments
Comments
Give Quiz Kudos
Give Quiz Kudos
-
- Ratings
hide this ad
Replay
Link that replays current quiz
Next Quiz
Link to next quiz in quiz playlist
You Got
0%
They Got
Avg Score
47%
Avg Friend Score
Upgrade to see
Score Distribution
Jump to the score distribution portion of the page
Score
0/15
Timer
06:00
0
Plays Today
Quotes
Missing Word
% Correct
Lord, what fools these _
_
_
_
_
be!
mortals
88.9%
If music be the _
_
_
_
of love, play on
food
84.8%
A _
_
_
_
_
o' both your houses!
plague
84.8%
All the world's a stage, And all the men and women _
_
_
_
_
players...
merely
83.1%
Alas, poor _
_
_
_
_
! I knew him, Horatio
Yorick
77.8%
Misery acquaints a man with _
_
_
_
_
bed-
fellows...
strange
74.1%
Nothing will come of _
_
_
_
_
: speak again.
nothing
48.7%
Why, there they are both, _
_
_
_
_
in that pie!
baked
47.5%
Quotes
Missing Word
% Correct
Made glorious summer by this _
_
_
_
_
of York...
sun
39.1%
If chance will have me king, why, chance may _
_
_
_
_
me...
crown
30.6%
But love is blind, and lovers cannot see The pretty _
_
_
_
_
that themselves commit...
follies
13.4%
I had rather be a _
_
_
_
_
in a hedge than a rose in his grace...
canker
12.2%
But for your words, they rob the Hybla bees, And leave them _
_
_
_
_
...
honeyless
9%
No grave upon the earth shall clip in it a pair so _
_
_
_
_
...
famous
5.5%
The _
_
_
_
_
that hath made you fair hath made you good...
hand
5.5%
Quiz Playlist
Details
Report
Send in Message
Add To Playlist
Classic:
Type in answers that appear in a list
Last Updated: Feb 16, 2017
Quiz Scoreboard
CHALLENGE
Sign Up to Join the Scoreboard
Show All
Scores
Hide
Comments
May contain spoilers
Recently Published
5x2 Blitz: Bands
by SL_Kpop136
Music
30s
Colored Red Africa Blitz
by spor1
Geography
30s
Find the 'City' Movie
by crazypaving
Movies
60s
More to Explore
Quiz From the Vault
Featured Blog Post
14 Easter Pick-up Lines to Find Eggs With
hide this ad
You Might Also Like...
Tags
Play Quiz
Quote Quiz
Shakespeare Quiz
Speaker
Today's Top Quizzes in Literature
Browse Literature
hide this ad
Today's Top Quizzes in Play
Browse Play
Top Contributed Quizzes in Literature
1
Sneaky Slytherin Logic Puzzle
2
Harry Potter Slytherin Logic Puzzle
3
Get The Picture: Black or White Literature
4
Logic Puzzle: Avoid Dumbledore's Army
5
Mini Trivia Sudoku: A Song of Ice and Fire
6
A Song of Ice and Fire Logic Puzzle
7
One Thing in Common: Literature II
8
Books By Opening Lines IV
9
The Hunger Games Logic Puzzle: Find Katniss
10
Silmarillion Characters by Any 3 Letters
Explore More
Trending Topics
Crossword
NBA
Harry Potter
Kpop
Disney
Marvel
Anime
The Office
NFL
Pokémon
Country
Song
Puzzle
Soccer
WWE
hide this ad
More By:
joevetch
Quiz
Plays
Rating
Category
Featured
Created
Shakespeare Quotes
343
4.20
Literature
Mar 23, 2010
Second Berlin Crisis
64
4.00
History
Nov 1, 2010
Go to Creator's Profile
Score Distribution
Quiz Creator Spotlight
joevetch
Follow
Send a Message
Quizzes Created
-
Created Quiz Play Count
-
More By This Creator
Popular Quizzes Today
1
Colored Red Africa Blitz
2
Find the 'City' Movie
3
Find the US States - No Outlines Minefield
4
5x2 Blitz: Bands
5
The Countries of the World
6
Find the US States
7
Find the Countries of Europe - No Outlines Minefield
8
US States
More Literature Quizzes
Picture Click: Ernest Hemingway
Editor's Pick
Trending Quizzes
Colored Red Europe Blitz I
Colored Red Europe Blitz II
Colored Red Africa Blitz II
Colored Red Europe Blitz III
Colored Red Africa Blitz III
Recently Updated
How Do You Spell That?
pecheneg
Godzilla Movies
pecheneg
Grab Bag: 4-10 Letters
pecheneg
2024 March Madness Bracket
pecheneg
Famous TV Couples
Peacemaker
Champions League XIs: Real Madrid
pecheneg
Largest US Cities 1790-2010
pecheneg
Rides in Walt Disney World
pecheneg
Most Oscar Losses (Acting)
pecheneg
Beyoncé Albums
pecheneg
Trending Topics
Kpop
Marvel
Disney
NBA
Crossword
Harry Potter
Anime
NFL
Puzzle
Country
Song
Pokémon
WWE
Soccer
The Office
Your Account Isn't Verified!
In order to create a playlist on Sporcle, you need to verify the email address you used during registration. Go to your
Sporcle Settings
to finish the process.
Report this User
Report this user for behavior that violates our
Community Guidelines
.
Details:
Send Report
Go to the Sporcle.com Mobile Site →
Comments